• 首页
  • 本馆介绍
  • 公告通知
  • 最新文献
  • 馆藏检索
  • 电子资源
  • 读者导购
  • 参考咨询
  • 我的图书馆
  • 登录
  • 详细信息显示
  • 放入我的书架
  • 预约/预借图书
  • 作者相关作品
  • 分类相关作品
  • 丛书相关作品
  • 出版社相关作品

书目信息

  • 表格格式
  • 工作单格式
  • 卡片格式
题名:
外国现代派作品选
    
 
作者: 袁可嘉 选编
分册: 第三册  
出版信息: 上海   上海文艺出版社  
页数: 422页
开本: 20cm
丛书名:
单 册:
中图分类: I11
科图分类:
主题词: 文学--作品集--世界
电子资源:
ISBN:
000 00558nam0 2200193 45
001 0312221749
005 20041207105924.9
010    @dCNY2.50
100    @a20031222d km y0chiy0120 ea
101    @achi
105    @a z 000yy
200 1  @a外国现代派作品选@AWai Guo Xian Dai Pai Zuo Pin Xuan@h第三册@h(上)@f袁可嘉等选编@FYuan Ke Jia Deng Xuan Bian
210    @a上海@c上海文艺出版社
215    @a422页@d20cm
606 0  @a文学@x作品集@y世界
690    @aI11@v3
701 0  @a袁可嘉@4选编
801    @aCN@bTSTCL@c20031222
905    @dI11@e19:3(1)@f1@b127261
    
    外国现代派作品选.第三册.(上)/袁可嘉等选编.-上海:上海文艺出版社
    422页;20cm
    
    
    ISBN :CNY2.50
    
●
相关链接 在E读中查询图书 在五车中查询图书 在当当中查询图书 在豆瓣中查询图书


正题名:外国现代派作品选     索取号:I11/19:3(1)         预约/预借

序号 登录号 条形码 馆藏地/架位号 状态 备注
1 0127257   000053113   密集书库/ [索取号:I11/19:3(1)] 在馆    
2 0127259   000053168   密集书库/ [索取号:I11/19:3(1)] 在馆    
3 0127261   000053051   密集书库/ [索取号:I11/19:3(1)] 在馆    
4 0127263   000053097   密集书库/ [索取号:I11/19:3(1)] 在馆    
5 0127265   000053104   第一样本阅览室/ [索取号:I11/19:3(1)] 在馆    
唐山师范学院图书馆 欢迎您!
大连网信软件有限公司© 版权所有